The Language of trade: glossary

Dades bibliogràfiques
Altres autors: Smith M. B. Michael B. (редактор), Blakeslee R.
Sumari:Книга на анг. языке
Idioma:anglès
Publicat: Washington, U. S. Information Agency, 1994
Matèries:
Format: MixedMaterials Llibre
KOHA link:https://koha.lib.tpu.ru/cgi-bin/koha/opac-detail.pl?biblionumber=182770

MARC

LEADER 00000nam0a2200000 4500
001 182770
005 20231101223721.0
035 |a (RuTPU)RU\TPU\book\198129 
090 |a 182770 
100 |a 20100625d1994 m y0engy50 ba 
101 0 |a eng 
102 |a US 
105 |a y g 000zy 
200 1 |a The Language of trade  |e glossary  |f под ред. M. B. Smith ; R. Blakeslee 
210 |a Washington  |c U. S. Information Agency  |d 1994 
215 |a 132 p. 
300 |a Книга на анг. языке 
606 1 |a Торговля мировая  |2 stltpush  |3 (RuTPU)RU\TPU\subj\37079  |9 58229 
610 1 |a экономика 
610 1 |a термины 
610 1 |a понятия 
610 1 |a справочники 
686 |a У542я2  |v LBC/SL-A  |2 rubbk 
702 1 |a Smith  |b M. B.  |g Michael B.  |4 340 
702 1 |a Blakeslee  |b R.  |4 340 
801 1 |a RU  |b 63413507  |c 20100625 
801 2 |a RU  |b 63413507  |c 20221208  |g RCR 
942 |c BK